Statistics for Better Call Saul Trivia #G

Click here to take the quiz!

General Stats

  • This quiz has been taken 37 times
  • The average score is 8 of 15

Answer Stats

HintAnswer% Correct
CEO of Los Pollos HermanosGustavo Fring
100%
Sauls surnameGoodman
92%
Jimmys alias in OmahaGene Takavic
88%
Madrigal Electromotive is from __Germany
88%
Jimmy sneaks in the locker room, while Cliff and Howard are playing __Golf
80%
Stacey tells Mike she hears __ at night, though theyre in her head.Gunshots
80%
His chemistGale Boetticher
76%
Episode title in Season 6: Axe and __Grind
52%
Kims scam aliasGiselle
44%
A tracker to track Mike is in the __ __Gas cap
40%
Hector shots a __ ___ who finds a robbed truckGood Samaritan
40%
Slogan in an TV ad of JimmyGimme Jimmy
28%
Oil company, who employs Kim as their lawyerGatwood Oil
16%
An elderly female client of Jimmy, who owns a hummel figure and appears in an adGeraldine Strauss
8%
Romantic partner of Kim in FloridaGlenn
8%

Score Distribution

Percentile by Number Answered

Percent of People with Each Score

Your Score History

You have not taken this quiz